000 00574nam a2200205Ia 4500
999 _c49856
_d49856
001 16791
003 GE_BSU
005 20221122122557.0
008 181216sfre 2008 |||||||||||||| ||fre||
020 _a9782011555175x
040 _cGE_BSU
080 _a811.133.1 B-51
100 _aBerthet, Annie
_96549
245 _aAlter Ego. B2 :
_bMethode de Frangais. 4 /
_cAnnie Berthet.
264 _aParis :
_bHachette,
_c2008.
300 _a111 p.:
_bill.;
_c28 cm.
653 _aგრამატიკა
653 _aფრანგული ენა
942 _cBK
_2udc